<?xml version="1.0" encoding="UTF-8"?>
<record
    xmlns:xsi="http://www.w3.org/2001/XMLSchema-instance"
    xsi:schemaLocation="http://www.loc.gov/MARC21/slim http://www.loc.gov/standards/marcxml/schema/MARC21slim.xsd"
    xmlns="http://www.loc.gov/MARC21/slim">

  <leader>03197cam a2200373 a 4500</leader>
  <datafield tag="999" ind1=" " ind2=" ">
    <subfield code="c">234623</subfield>
    <subfield code="d">234623</subfield>
  </datafield>
  <controlfield tag="001">15945575</controlfield>
  <controlfield tag="003">Nust</controlfield>
  <controlfield tag="005">20170328114010.0</controlfield>
  <controlfield tag="008">091013s2010    nyua     b    001 0 eng  </controlfield>
  <datafield tag="010" ind1=" " ind2=" ">
    <subfield code="a">  2009042902</subfield>
  </datafield>
  <datafield tag="020" ind1=" " ind2=" ">
    <subfield code="a">81-7754-374-1</subfield>
  </datafield>
  <datafield tag="035" ind1=" " ind2=" ">
    <subfield code="a">(DNLM)101517224</subfield>
  </datafield>
  <datafield tag="040" ind1=" " ind2=" ">
    <subfield code="a">DNLM/DLC</subfield>
    <subfield code="c">ASAB</subfield>
    <subfield code="d">DLC</subfield>
  </datafield>
  <datafield tag="042" ind1=" " ind2=" ">
    <subfield code="a">pcc</subfield>
  </datafield>
  <datafield tag="050" ind1="0" ind2="0">
    <subfield code="a">TP248.2</subfield>
    <subfield code="b">.R435 2010</subfield>
  </datafield>
  <datafield tag="060" ind1="1" ind2="0">
    <subfield code="a">QU 450</subfield>
    <subfield code="b">R295 2009</subfield>
  </datafield>
  <datafield tag="082" ind1="0" ind2="0">
    <subfield code="a">660.6</subfield>
    <subfield code="2">22</subfield>
  </datafield>
  <datafield tag="245" ind1="0" ind2="0">
    <subfield code="a">Recent trends in biotechnology and microbiology /</subfield>
    <subfield code="c">editor : Prof. P.R. Jatkar et.al..</subfield>
  </datafield>
  <datafield tag="300" ind1=" " ind2=" ">
    <subfield code="a">xiii, 366 p. :</subfield>
    <subfield code="b">ill. (some col.) ;</subfield>
    <subfield code="c">27 cm.</subfield>
  </datafield>
  <datafield tag="490" ind1="0" ind2=" ">
    <subfield code="a">Microbiology research advances series</subfield>
  </datafield>
  <datafield tag="504" ind1=" " ind2=" ">
    <subfield code="a">Includes bibliographical references and index.</subfield>
  </datafield>
  <datafield tag="505" ind1="0" ind2=" ">
    <subfield code="a">Functional fermented foods and health / J. B. Prajapati -- Microbes as a tool in insect pest management of horticultural crops in India : progress and prospects / P.N. Gangavisalakshy -- Genetic engineering for viral resistance in vegetable crops / P. Sharma, T. Ogawa &amp; M. Ikegami -- Microarrays : concepts and applications / Smita Singh ... [et al.] -- Biological characterization, genome organization and management strategies of begomoviruses causing severe economic losses to chilli cultivation in India / M.S. Khan, S.K. Snehi &amp; S.K. Raj -- Virus (es) infecting stone fruits : detection methods and biotechnological approaches towards management strategies / Vanita Chandel ... [et al.] -- Transgenic crops- another leapfrog technology / P. Balasubramanian -- Phytoplasma diseases of weeds : detection, taxonomy &amp; diversity / Smriti Mall, Govind P. Rao &amp; Carmine Marcone --</subfield>
  </datafield>
  <datafield tag="505" ind1="0" ind2=" ">
    <subfield code="a">An overview of gene silencing and its applications / Richa Raizada ... [et al.] -- Amplified fragment length polymorphism (AFLP) as molecular marker : a PCR based technique and its applications in plant sciences / Mangal Singh, Saroj Sharma and R.K. Gaur -- Mycorrhiza and its significance in crop improvement / Harish Dhingra &amp; Sakshi Issar -- Biotechnology of post harvest diseases of fruits and vegetables / Sudhir Chandra, Raghvendra P. Narayan and H. K. Kehri -- NeuroAIDS in Indian scenario / A.S. Verma, A. Singh &amp; P.D. Dwivedi -- In vitro morphogenesis (rhizogenesis) in Kalihari (Gloriosa superba L.) : an alternative source of colchicine production / M.S. Rathore ... [et al.] -- Genetically modified organisms &amp; their applications in modern era / Sakshi Issar &amp; Harish Dhingra -- Patenting of life forms : Indian scenario / Anvita Parashar -- IPR and agri-biotech management : the big picture / A.K.Sharma, Sushil Rai &amp; Anjali Sharma.</subfield>
  </datafield>
  <datafield tag="650" ind1=" " ind2="0">
    <subfield code="a">Biotechnology.</subfield>
  </datafield>
  <datafield tag="650" ind1=" " ind2="0">
    <subfield code="a">Microbial biotechnology.</subfield>
  </datafield>
  <datafield tag="650" ind1=" " ind2="0">
    <subfield code="a">Genetic engineering.</subfield>
  </datafield>
  <datafield tag="650" ind1="1" ind2="2">
    <subfield code="a">Genetic Engineering</subfield>
    <subfield code="x">methods</subfield>
    <subfield code="z">India.</subfield>
  </datafield>
  <datafield tag="650" ind1="2" ind2="2">
    <subfield code="a">Biotechnology</subfield>
    <subfield code="z">India.</subfield>
  </datafield>
  <datafield tag="650" ind1="2" ind2="2">
    <subfield code="a">Crops, Agricultural</subfield>
    <subfield code="x">microbiology</subfield>
    <subfield code="z">India.</subfield>
  </datafield>
  <datafield tag="700" ind1="1" ind2=" ">
    <subfield code="a">Gaur, Rajarshi Kumar.</subfield>
  </datafield>
  <datafield tag="906" ind1=" " ind2=" ">
    <subfield code="a">7</subfield>
    <subfield code="b">cbc</subfield>
    <subfield code="c">orignew</subfield>
    <subfield code="d">1</subfield>
    <subfield code="e">ecip</subfield>
    <subfield code="f">20</subfield>
    <subfield code="g">y-gencatlg</subfield>
  </datafield>
  <datafield tag="942" ind1=" " ind2=" ">
    <subfield code="2">ddc</subfield>
    <subfield code="c">BK</subfield>
  </datafield>
  <datafield tag="952" ind1=" " ind2=" ">
    <subfield code="0">0</subfield>
    <subfield code="1">0</subfield>
    <subfield code="2">ddc</subfield>
    <subfield code="4">0</subfield>
    <subfield code="7">0</subfield>
    <subfield code="8">NFIC</subfield>
    <subfield code="a">ASAB</subfield>
    <subfield code="b">ASAB</subfield>
    <subfield code="d">2017-03-28</subfield>
    <subfield code="l">0</subfield>
    <subfield code="o">660.6 JAT</subfield>
    <subfield code="p">ASAB1636</subfield>
    <subfield code="r">2017-03-28</subfield>
    <subfield code="w">2017-03-28</subfield>
    <subfield code="y">BK</subfield>
  </datafield>
</record>
